000 00495nam a2200181Ia 4500
001 11156
005 20260306161925.0
008 260306t2021||||xx |||||||||||||| ||spa||
041 _aESP
082 _a985.01
_bD18
100 _aD'Altroy, Terence N.
_eAUT
245 0 _aImperio y economía domestica:
_bfamilia, comunidad y estado inka en la región central del Perú
260 _c2021
300 _a657 páginas :
_c20 cm.
650 _aGEN
654 _aCHU
942 _cLIB
_dJUS
_fJUS
_2ddc
_n
999 _c11156
_d11156